000 00892nam a22002417a 4500
005 20240530110446.0
008 150428s2009 ua bfo f bb 000 0dara d
017 _a2009/8091
_bمصر . دار الكتب المصرية
020 _a9789774208065
040 _aEG-CaGPL
082 0 4 _221
_a553.5
_bق/م أ
100 0 _aمحمد فتحى عوض الله
245 1 0 _aاحجار لها تاريخ /
_cمحمد فتحى عوض الله
260 _aالقاهرة :
_bالهيئة المصرية العامة للكتاب ،
_c2009 .
300 _a274 ص :
_bايض ؛
_c24 سم
505 _aببليوجرافية : ص 269 - 273
650 0 4 _aالاحجار
_xتاريخ
650 0 4 _aالاثار الحجرية
_xتاريخ
650 0 4 _aالصخور
_xعلم
651 0 4 _aمصر القديمة
_xتاريخ
942 _2ddc
_cBK
999 _c61147
_d61147